| 000 | 00360 a2200169 4500 | ||
|---|---|---|---|
| 001 | 184764 | ||
| 020 | _a85-16-00514-3 | ||
| 040 | _cMagnum | ||
| 100 | _aJose, Elias | ||
| 240 | 1 | 0 |
_aSegredinhos de amor _lpor |
| 245 | 1 | 0 | _aSegredinhos de amor |
| 300 | _a53 | ||
| 362 | 0 | _a1999 | |
| 440 | 1 | _aModerna | |
| 697 | _aLITERATURA INFANTO-JUVENIL | ||
| 942 | _cBK | ||
| 999 |
_c184764 _d184764 |
||